Statistics for DuckTales Characters by Picture

Click here to take the quiz!

General Stats

  • This quiz has been taken 11 times
    (8 since last reset)
  • The average score is 51 of 92

Answer Stats

Answer% Correct
Daisy Duck
100%
Dewey Duck
100%
Donald Duck
100%
Louie Duck
100%
Scrooge McDuck
100%
Darkwing Duck/Drake Mallard
80%
Huey Duck
80%
José Carioca
80%
Panchito Pistoles
80%
Santa Claus
80%
Akita
60%
Bentina Beakley
60%
Big Time Beagle
60%
Black Heron
60%
Bombie
60%
Bouncer Beagle
60%
B.O.Y.D.
60%
Bradford Buzzard
60%
Burger Beagle
60%
Captain Peghook
60%
Charybdis
60%
Chip
60%
Dale
60%
Della Duck
60%
Doofus Drake
60%
Dr. Atmoz Fear
60%
Duckworth
60%
Falcon Graves
60%
Fethry Duck
60%
Flintheart Glomgold
60%
G. G. Goof
60%
Gizmoduck/Fenton Crackshell-Cabrera
60%
Goldie O'Gilt
60%
Gosalyn Waddlemeyer
60%
Grandpappy Beagle
60%
Gyro Gearloose
60%
Hades
60%
John D. Rockerduck
60%
June
60%
Launchpad McQuack
60%
Lena Sabrewing
60%
Lil Bulb
60%
Liquidator
60%
Lunaris
60%
Ma Beagle
60%
Magica De Spell
60%
Manny
60%
Mark Beaks
60%
May
60%
MegaVolt
60%
Nega Duck/Jim Starling
60%
Penumbra
60%
Phantom Blot
60%
Poe De Spell
60%
Selene
60%
Steelbeak
60%
Storkules
60%
Taurus Bulba
60%
Violet Sabrewing
60%
Webby Vanderquack
60%
Zeus
60%
Amunet
40%
Bailiff
40%
Black Arts Beagle
40%
Bushroot
40%
Don Karnage
40%
Emily Quackfaster
40%
Faris Djinn
40%
Fergus McDuck
40%
Gadget Hackwrench
40%
Gandra Dee
40%
Gavin
40%
Gene the Genie
40%
George Mallardy
40%
Gladstone Gander
40%
Inspector Tezuka
40%
Jeeves
40%
Jörmungandr
40%
Kit Cloudkicker
40%
Ludwig Von Drake
40%
Matilda McDuck
40%
Monterey Jack
40%
Pepper
40%
Phooey Duck
40%
Quackerjack
40%
Toad Liu Hai
40%
Toth-Ra
40%
Troub-Bubble
40%
Zan Owlson
40%
Downy McDuck
20%
Molly Cunningham
20%
Roxanne Featherly
20%

Score Distribution

Percentile by Number Answered

Percent of People with Each Score

Your Score History

You have not taken this quiz since the last reset